000 00889cam a2200277 a 4500
001 000004355
005 20200929151428.0
008 750527s1974 enk 001 p spa
020 _a0257659714
040 _aDO-SdBNP
_cDLC
_dDLC
041 1 7 _aspa
_heng
_2Código de idioma MARC
082 _a823.912
_bW838j, 1974
100 1 _aWodehouse, P. G.
_q(Pelham Grenville),
_d1881-1975.
_912833
245 1 0 _aJúbilo matinal /
_cP. G. Wodehouse; traducción, Manuel Bosch Barrett.
250 _a2a ed.
260 _a[s.l] :
_bJosé Janés ,
_c1974.
300 _a256 p. ;
_c19 cm.
490 1 _aWodehouse
504 _aIncluye índice
534 _aTítulo original:
_tJoy in the morning
650 4 _aNovela inglesa
_91071
650 4 _aLiteratura inglesa
_9498
700 1 _aBosch Barrett, Manuel ;
_etr.
_911494
830 0 _aWodehouse ;
_912834
910 _aCatalogación por copia / LC
999 _c4164
_d4164